000 00541nam a2200169Ia 4500
008 140609s9999 xx 000 0 und d
020 _a9789715849968
050 _aDS 686.6.D56
_b.Se47 2010
100 _aSepeda, Bernardo Noceda.
245 _aJose "Ka Pepe" W. Diokno :
_bmakatao, makabayan /
_cBernardo Noceda Sepeda,
260 _aQuezon, Philippines :
_bC & E Pub.,
_cc2010.
300 _a226 p. :
_bill. ;
_c22 cm.
500 _aIncludes bibliographical references and index.
521 _aGE
942 _kLOC
_cBK
999 _c118248
_d118248